000
00282nam a22001217a 4500
008
180803b xxu||||| |||| 00| 0 eng d
082
_a
813.52
245
_a
The new American Workplace
_c
O'Toole,J
260
_c
2006
300
_a
8
_f
CD
440
_x
9780786171316
942
_2
ddc
_c
MX
999
_c
46784
_d
46784